000 00595nam a22001937a 4500
005 20230530033300.0
008 221223b |||||||| |||| 00| 0 eng d
020 _a971-08-6691-5
082 _a394.2068 C957 2006
100 _aCruz, Zenaida L.
_eauthor
245 _aConvention and event management /
_cZenaida L. Cruz
250 _a2nd ed.
260 _aMandaluyong City:
_bNational Book Store,
_cc2006.
300 _axiv, 192p.
504 _aIncludes bibliographical references
541 _e2019 c.1, 2020 c.2, 2037 c.3
650 _aSpecial events - Management
650 _aConvention
999 _c436
_d436